Kata - koučováním jednotlivce k efektivitě celku
Pojem "kata" pochádza z japončiny a znamená nácvik boja s imaginárnym súperom prostredníctvom vopred definovaných pohybov rôznej dĺžky a fázovania. Ide o štruktúrovanú rutinu, vďaka ktorej sa v nás postupne vytvoria vzorce správania či myslenia, ktoré si uchováme po celý život. Kata poskytuje nástro...
Gespeichert in:
| 1. Verfasser: | |
|---|---|
| Format: | Buchkapitel |
| Sprache: | Tschechisch |
| Schlagworte: | |
| Tags: |
Keine Tags, Fügen Sie das erste Tag hinzu!
|
MARC
| LEADER | 00000naa a2200000 4500 | ||
|---|---|---|---|
| 001 | 0234062 | ||
| 005 | 20170628111737.6 | ||
| 041 | 0 | |a cze | |
| 044 | |a CZ | ||
| 245 | 1 | 0 | |a Kata - koučováním jednotlivce k efektivitě celku |c Jitka Tejnorová |
| 520 | |a Pojem "kata" pochádza z japončiny a znamená nácvik boja s imaginárnym súperom prostredníctvom vopred definovaných pohybov rôznej dĺžky a fázovania. Ide o štruktúrovanú rutinu, vďaka ktorej sa v nás postupne vytvoria vzorce správania či myslenia, ktoré si uchováme po celý život. Kata poskytuje nástroj pre neustály rozvoj zamestnancov a rast ich výkonu. Kata koučovanie má svoje silné aj slabé stránky. | ||
| 610 | 2 | 0 | |a koučovanie |
| 610 | 2 | 0 | |a manažéri |
| 610 | 2 | 0 | |a zamestnanci |
| 610 | 2 | 0 | |a rozvoj pracovníkov |
| 610 | 2 | 0 | |a motivácia pracovná |
| 610 | 2 | 0 | |a výkony pracovné |
| 100 | 1 | |a Tejnorová, Jitka | |